Βασικές αρχές οικονομικής θεωρίας

Saved in:
Bibliographic Details
Main Author: Ferguson, Ken
Other Authors: Σακκά, Ανδριάνα (trlf), Μίνογλου, Θέμις (edtf)
Format: Book
Language:Greek
English
Published: Αθήνα : Κριτική, c2004.
Series:Επιστημονική βιβλιοθήκη (Κριτική)
Subjects:
Tags: Add Tag
No Tags, Be the first to tag this record!

MARC

LEADER 00000cam a2200000 i 4500
001 1/76398
008 080229s2004 gr d ||| |||| ||gre||
020 |a 9789602183571 
035 |l 10095171 
040 |a GR-MyUA  |b gre  |e AACR2 
041 1 |a gre  |h eng 
082 0 |a 330.1   |2 (22) 
100 1 |a Ferguson, Ken. 
245 1 0 |a Βασικές αρχές οικονομικής θεωρίας /   |c Ken Ferguson ; μετάφραση Ανδιάννα Σακκά ; επιστημονική επιμέλεια Θέμις Μίνογλου.  
260 |a Αθήνα :   |b Κριτική,   |c c2004.  
300 |a 394 σ. :   |b σχέδια ;   |c 24 εκ.  
490 1 |a (Επιστημονική βιβλιοθήκη (Εκδόσεις Κριτική))  
500 |a Τίτλος πρωτοτύπου: Essential economics, a guide for business students.  
504 |a Περιλαμβάνει βιβλιογραφικές παραπομπές.  
650 0 0 |a Economics. 
650 0 0 |a Microeconomics. 
650 0 0 |a Macroeconomics. 
700 1 |a Σακκά, Ανδριάνα,  |e trlf 
700 1 |a Μίνογλου, Θέμις,  |e edtf 
830 0 |a Επιστημονική βιβλιοθήκη (Κριτική) 
852 |a INST  |b CHIOS  |e 20080229  |h 330.1 FER  |p 005200028503  |q 005200028503  |t BK  |y 0 
852 |a INST  |b CHIOS  |e 20080229  |h 330.1 FER  |p 005200028504  |q 005200028504  |t BK  |y 0 
852 |a INST  |b CHIOS  |e 20080229  |h 330.1 FER  |p 005200028505  |q 005200028505  |t BK  |y 0 
852 |a INST  |b CHIOS  |e 20080229  |h 330.1 FER  |p 005200028506  |q 005200028506  |t BK  |y 0 
852 |a INST  |b CHIOS  |e 20080229  |h 330.1 FER  |p 005200028507  |q 005200028507  |t BK  |y 0 
852 |a INST  |b CHIOS  |c EUDOXUS  |e 20130408  |h 330.1 FER  |p 005200035477  |q 005200035477  |t EDX  |y 0 
852 |a INST  |b CHIOS  |c EUDOXUS  |e 20131206  |h 330.1 FER  |p 005200037017  |q 005200037017  |t EDX  |y 0 
852 |a INST  |b LESVOS  |e 20230607  |h 330.1 FER  |p 005100064961  |q 005100064961  |t BK  |y 0 
901 |a BIBL2-2008-1 
901 |a BIBL2-2013-1 
901 |a BIBL2-2013-3 
920 |a ΕΥΔΟΞΟΣ  |b ΕΠΙΣΤΡΟΦΗ  |y Χίος  |z 2013-03 
920 |a ΕΥΔΟΞΟΣ  |b ΕΠΙΣΤΡΟΦΗ  |y Χίος  |z 2013-12 
970 |a ΒΑΣΙΛΑΚΗ  |b ΝΙΚΗ  |z 2008/02/29